|
|
|
|
| LEADER |
00000nab a2200000uu 4500 |
| 001 |
vtls010908497 |
| 003 |
SK-MaSNL |
| 005 |
20260303105813.0 |
| 008 |
230121|2005 xo |||||||||||||||||slo| |
| 015 |
|
|
|a SNBRB
|
| 035 |
|
|
|a (urnnbn)urn:nbn:sk:snk:ar-a07yr4
|
| 035 |
|
|
|a (uuid)65c77411-16ba-454d-afe1-93d1dced2cf2
|
| 035 |
|
|
|a urn:nbn:sk:snk-ab8ydi
|
| 040 |
|
|
|a SNKBUCL
|b slo
|c SNKBUCL
|e AACR2
|
| 041 |
0 |
|
|a slo
|
| 044 |
|
|
|a xo
|c SK
|
| 100 |
1 |
|
|a Sukovský, Michal
|4 aut
|9 807371
|
| 245 |
1 |
0 |
|a VÝSLEDKY INŠPEKCIE PRÁCE ZA I. POLROK 2005
|c Michal Sukovský
|
| 773 |
0 |
|
|t Bezpečnosť práce : odborný časopis pre problematiku bezpečnosti a ochrany zdravia pri práci
|g Roč. 5, č. 11-12 (2005), s. 41-45
|
| 954 |
|
|
|a odborná, vedecká literatúra pôvodná (slovenská)
|2 lita
|
| 958 |
|
|
|a OND
|
| 958 |
|
|
|a EUIPO
|
| 958 |
|
|
|a article10
|
| 999 |
|
|
|c 1865565
|d 1867495
|